[Event "Dublin St Andrews op-B"]
[Site "Dublin"]
[Date "2019.09.22"]
[Round "6"]
[White "Crowley, James"]
[Black "O'Reilly, Ciaran"]
[Result "1/2-1/2"]
[WhiteElo "1375"]
[BlackElo "1486"]
[PlyCount "95"]
[EventDate "2019.09.20"]
[EventType "swiss"]
[EventRounds "6"]
[EventCountry "IRL"]
[SourceTitle "EXT 2020"]
[Source "ChessBase"]
[SourceDate "2019.10.17"]
[SourceVersion "1"]
[SourceVersionDate "2019.10.17"]
[SourceQuality "1"]

1. e4 c6 2. d4 d5 3. e5 Bf5 4. Nf3 e6 5. Bd3 Bxd3 6. Qxd3 Qa5+ 7. c3 Qa6 8. Qxa6 Nxa6 9. 0-0 c5 10. Bg5 Ne7 11. Nbd2 Nc6 12. Nb3 Rc8 13. Rfc1 cxd4 14. cxd4 h6 15. Be3 b6 16. a3 Be7 17. Rc2 Kd7 18. Rac1 Nab8 19. Ne1 a5 20. Nd2 Na7 21. f4 a4 22. Nb1 Nb5 23. Nc3 Nxc3 24. Rxc3 Nc6 25. Nf3 Na5 26. Rxc8 Rxc8 27. Rxc8 Kxc8 28. g4 Kd7 29. Nd2 Kc6 30. Nb1 b5 31. Nc3 Nc4 32. Bc1 Nb6 33. Kf2 b4 34. axb4 Bxb4 35. Ne2 Nc4 36. Ng3 g6 37. h4 Nd2 38. Ke3 Nb3 39. Ne2 Nxc1 40. Nxc1 Kb5 41. h5 gxh5 42. gxh5 Kc4 43. Nd3 Kb3 44. Nc5+ Kxb2 45. Nxa4+ Kc2 46. f5 Bd2+ 47. Ke2 exf5 48. Nb6 1/2-1/2

[Event "Dublin St Andrews op-B"]
[Site "Dublin"]
[Date "2019.09.21"]
[Round "2"]
[White "Murray, Benjamin"]
[Black "O'Reilly, Ciaran"]
[Result "1-0"]
[WhiteElo "1767"]
[BlackElo "1486"]
[PlyCount "63"]
[EventDate "2019.09.20"]
[EventType "swiss"]
[EventRounds "6"]
[EventCountry "IRL"]
[SourceTitle "EXT 2020"]
[Source "ChessBase"]
[SourceDate "2019.10.17"]
[SourceVersion "1"]
[SourceVersionDate "2019.10.17"]
[SourceQuality "1"]

1. e4 c6 2. c4 d5 3. cxd5 cxd5 4. exd5 Nf6 5. Nc3 Nxd5 6. Nf3 Nc6 7. Bb5 a6 8. Bc4 Nf6 9. 0-0 e6 10. d4 Be7 11. a3 0-0 12. Be3 b5 13. Ba2 Bb7 14. Qe2 Nd5 15. Nxd5 exd5 16. Rac1 Bf6 17. Bb1 Qd7 18. Bg5 Qe6 19. Qd3 g6 20. Rfe1 Qd6 21. h4 Rfe8 22. h5 Rac8 23. hxg6 fxg6 24. Ba2 Nb8 25. Bxf6 Qxf6 26. Ne5 Qg7 27. Qf3 Rf8 28. Bxd5+ Bxd5 29. Qxd5+ Kh8 30. Rxc8 Rxc8 31. Nf7+ Kg8 32. Nd6+ 1-0

[Event "Dublin St Andrews op-B"]
[Site "Dublin"]
[Date "2019.09.20"]
[Round "1"]
[White "O'Reilly, Ciaran"]
[Black "Wang, Yubo"]
[Result "1-0"]
[WhiteElo "1486"]
[BlackElo "1269"]
[PlyCount "155"]
[EventDate "2019.09.20"]
[EventType "swiss"]
[EventRounds "6"]
[EventCountry "IRL"]
[SourceTitle "EXT 2020"]
[Source "ChessBase"]
[SourceDate "2019.10.17"]
[SourceVersion "1"]
[SourceVersionDate "2019.10.17"]
[SourceQuality "1"]

1. d4 d5 2. c4 e6 3. Nf3 Nf6 4. Bg5 h6 5. Bh4 c5 6. cxd5 exd5 7. Nc3 Be6 8. e3 c4 9. Bxf6 Qxf6 10. g3 Nc6 11. a3 a6 12. Bg2 Bd6 13. e4 dxe4 14. Nxe4 Qd8 15. d5 Qa5+ 16. Nc3 Bf5 17. dxc6 0-0-0 18. cxb7+ Kxb7 19. Qd5+ Qxd5 20. Nxd5 Bd3 21. 0-0-0 Kb8 22. Nd4 Rde8 23. Nc6+ Kc8 24. Ndb4 Bxb4 25. Nxb4 Be2 26. Rde1 a5 27. Na2 Bd3 28. Nc3 Rhf8 29. Bc6 Re6 30. Rxe6 fxe6 31. f3 Bf5 32. g4 Bg6 33. Re1 Kc7 34. Rxe6 Bf7 35. Nb5+ Kb8 36. Re5 Rc8 37. Be4 Rd8 38. Kc2 Kc8 39. Nc3 Kc7 40. Rxa5 Kd6 41. h3 Ke7 42. h4 Kf6 43. h5 Be6 44. Nd5+ Kf7 45. Ne3 Kf6 46. Kc3 Rb8 47. a4 Rb3+ 48. Kd4 Rxb2 49. Nxc4 Rb4 50. Bd5 Bd7 51. Kc5 Rb8 52. Ra6+ Ke7 53. a5 Rc8+ 54. Kd4 Rc7 55. Rb6 Ra7 56. Rb3 Kd8 57. Ra3 Kc7 58. a6 Bb5 59. Bb7 Bc6 60. Bxc6 Kxc6 61. Ne3 Kb6 62. Nf5 Rd7+ 63. Ke4 Ka7 64. Ke5 Rf7 65. Ke6 Rf8 66. Nxg7 Rg8 67. Kf7 Rc8 68. Kg6 Rc6+ 69. Kh7 Rd6 70. Nf5 Re6 71. Nxh6 Re7+ 72. Kg6 Rc7 73. Ng8 Rc6+ 74. Nf6 Rc7 75. h6 Re7 76. h7 Rc7 77. h8Q Rc6 78. Qg7+ 1-0